000 00434nab a2200145Ia 4500
003 ES-SlBCS
005 20210601132850.0
008 140529s1960 xxu||||| |||| 00| 0 ita d
041 _aita
100 1 _aFaj, Attila
_9199617
245 0 0 _aIl criterio necessario e sufficiente della verità
_c Attila Faj
650 0 4 _aVerdad
_985938
773 0 _tGiornali di Metafisica
_gvol. 15, nº. 2, 1960, págs. 121-140
_w0017-0372
942 _cAR
999 _c586868
_d586868